MARC

LEADER 00000nam0a2200000 4500
001 165899
005 20231031161947.0
020 |a RU  |b 87-51419 
035 |a (RuTPU)RU\TPU\book\179962 
090 |a 165899 
100 |a 20090923d1987 k y0rusy5003 ca 
101 0 |a rus 
102 |a RU 
105 |a a z 000zy 
200 1 |a Наука и ценности  |e сборник статей  |f Академия наук СССР (АН СССР), Сибирское отделение (СО), Институт истории, филологии и философии; под ред. А. Н. Кочергина 
210 |a Новосибирск  |c Наука  |d 1987 
215 |a 242 с. 
610 1 |a наука 
610 1 |a ценности 
610 1 |a философия 
610 1 |a философские проблемы 
610 1 |a научные исследования 
686 |a А518.1  |2 rubbk 
686 |a А512.89  |2 rubbk 
702 1 |a Кочергин  |b А. Н.  |g Альберт Николаевич  |4 340 
712 0 2 |a Академия наук СССР (АН СССР)  |b Сибирское отделение (СО)  |b Институт истории, филологии и философии  |c (Новосибирск)  |2 stltpush  |3 (RuTPU)RU\TPU\col\11501 
801 0 |a RU  |b RuMRKP  |c 19960705  |g psbo 
801 1 |a RU  |b 63413507  |c 20090923 
801 2 |a RU  |b 63413507  |c 20100209  |g RCR 
942 |c BK